ბათუმის შოთა რუსთაველის სახელმწიფო უნივერსიტეტის ბიბლიოთეკა

ეროვნული პროდუქციის კონკურენტუნარიანოიბის პრობლემები თანამედროვე პირობებში : (ბიბ.ჩანაწერი № 57192)

000 -ლიდერი
ფიქსირებული სიგრძის საკონტროლო ველი 01909nam a22002417a 4500
003 - საკონტროლო ნომრის იდენტიფიკატორი
საკონტროლო ველი Ge_BSU
005 - ბოლო ოპერაციის თარიღი და დრო
საკონტროლო ველი 20200108114343.0
008 - ფიქსირებული სიგრძის მონაცემთა ელემენტები - ზოგადი ინფორმაცია
ფიქსირებული სიგრძის საკონტროლო ველი 200108s2019ge xxu||||| |||| 00| 0 geo d
020 ## - წიგნის საერთაშორისო სტანდარტული ნომერი
International Standard Book Number 9789941488092
041 ## - ენის კოდი
Language code of text/sound track or separate title geo
080 ## - უნივერსალური ათობითი კლასიფიკაციის ინდექსი
Universal Decimal Classification number 339+005(063) ე-75
245 ## - ცნობა სათაურის შესახებ
Title ეროვნული პროდუქციის კონკურენტუნარიანოიბის პრობლემები თანამედროვე პირობებში :
Remainder of title ეროვნული სამეცნიერო კონფერენცია : კრებული /
Statement of responsibility, etc სამეცნი.საორგან.კომიტ. მერაბ ხალვაში ; ბადრი გეჩბაია ; ნათელა წიკლაშვილი და სხვ.
264 ## - წარმოების, გამოცემის, დისტრიბუციის და სხვა ცნობები
გამოცემის, წარმოების, დისტრიბუციის... ადგილი ბათუმი :
გამოცემის, წარმოების, დისტრიბუციის... სახელწოდება ბათუმის შოთა რუსთაველის სახელმწიფო უნივერსიტეტი,
გამოცემის, წარმოების, დისტრიბუციის... თარიღი 2019.
300 ## - ფიზიკური აღწერა
Extent 83 გვ.:
Dimensions 17 სმ.
653 ## - INDEX TERM--UNCONTROLLED
Uncontrolled term მარკეტინგი
653 ## - INDEX TERM--UNCONTROLLED
Uncontrolled term მენეჯმენტი
653 ## - INDEX TERM--UNCONTROLLED
Uncontrolled term ეკონომიკა
700 ## - ADDED ENTRY--PERSONAL NAME
Personal name ხალვაში, მერაბ
Relator term სამეცნიერო სდაორგანიზაციო კომიტეტი
9 (RLIN) 4070
700 ## - ADDED ENTRY--PERSONAL NAME
Personal name გეჩბაია, ბადრი
Relator term სამეცნიერო სდაორგანიზაციო კომიტეტი
9 (RLIN) 1999
700 ## - ADDED ENTRY--PERSONAL NAME
Personal name წიკლაშვილი, ნათელა
Relator term სამეცნიერო სდაორგანიზაციო კომიტეტი
9 (RLIN) 6001
710 ## - ADDED ENTRY--CORPORATE NAME
Relator term ბათუმის შოთა რუსთაველის სახელმწიფო უნ-ტი ეკონომიკისა და ბიზნესის ფაკულტეტი
9 (RLIN) 6002
942 ## - ADDED ENTRY ELEMENTS (KOHA)
Source of classification or shelving scheme
Koha item type წიგნი
ეგზემპლარები
ჩამოწერის სტატუსი დაკარგული ეგზემპლარის სტატუსი კლასიფიკაციის წყარო ან თაროზე გაწყობის სქემა დაზიანების სტატუსი არ გაიცემა მუდმივი მდებარეობა (დაცვის ადგილი) ამჟამინდელი ადგილსამყოფელი თაროზე განთავსების ადგილი შეძენის თარიღი ღირებულება, შესყიდვის ნორმალური ფასი სრული შენახვის შიფრი შტრიხკოდი ბოლო ოპერაციის თარიღი ეგზემპლარის მიმდევრობითი ნომერი (კეტერი?) ფასის ძალაში შესვლის თარიღი ეგზემპლარის სახეობა საჯარო შენიშვნა
          ბათუმის შოთა რუსთაველის სახელმწიფო უნივერსიტეტის მთავარი ბიბლიოთეკა ბათუმის შოთა რუსთაველის სახელმწიფო უნივერსიტეტის მთავარი ბიბლიოთეკა წიგნსაცავი 2020-01-08 2.00 339+005(063) ე-75 60340 2020-01-08 60340 2020-01-08 წიგნი 2ლ.29 თ.
          ბათუმის შოთა რუსთაველის სახელმწიფო უნივერსიტეტის მთავარი ბიბლიოთეკა ბათუმის შოთა რუსთაველის სახელმწიფო უნივერსიტეტის მთავარი ბიბლიოთეკა წიგნსაცავი 2020-01-08 2.00 339+005(063) ე-75 60341 2020-01-08 60341 2020-01-08 წიგნი 2ლ. 29 თ.
          ბათუმის შოთა რუსთაველის სახელმწიფო უნივერსიტეტის მთავარი ბიბლიოთეკა ბათუმის შოთა რუსთაველის სახელმწიფო უნივერსიტეტის მთავარი ბიბლიოთეკა წიგნსაცავი 2020-01-08 2.00 339+005(063) ე-75 60342 2020-01-08 60342 2020-01-08 წიგნი 2ლ.29 თ.
          ბათუმის შოთა რუსთაველის სახელმწიფო უნივერსიტეტის მთავარი ბიბლიოთეკა ბათუმის შოთა რუსთაველის სახელმწიფო უნივერსიტეტის მთავარი ბიბლიოთეკა წიგნსაცავი 2020-01-08 2.00 339+005(063) ე-75 60343 2020-01-08 60343 2020-01-08 წიგნი 2ლ.29 თ.
          ბათუმის შოთა რუსთაველის სახელმწიფო უნივერსიტეტის მთავარი ბიბლიოთეკა ბათუმის შოთა რუსთაველის სახელმწიფო უნივერსიტეტის მთავარი ბიბლიოთეკა წიგნსაცავი 2020-01-08 2.00 339+005(063) ე-75 60344 2020-01-08 60344 2020-01-08 წიგნი 2ლ.29 თ.